Thank you, Sarah : (Record no. 32369)
[ view plain ]
| 000 -LEADER | |
|---|---|
| fixed length control field | 01122cam a2200325 a 4500 |
| 003 - CONTROL NUMBER IDENTIFIER | |
| control field | DLC |
| 005 - DATE AND TIME OF LATEST TRANSACTION | |
| control field | 20241220114050.0 |
| 008 - FIXED-LENGTH DATA ELEMENTS--GENERAL INFORMATION | |
| fixed length control field | 010913s2002 nyua j 000 0 eng |
| 001 - CONTROL NUMBER | |
| control field | 2001049726 |
| 010 ## - LIBRARY OF CONGRESS CONTROL NUMBER | |
| LC control number | 2001049726 |
| 020 ## - INTERNATIONAL STANDARD BOOK NUMBER | |
| International Standard Book Number | 0689847874 : |
| Terms of availability | $16.95 |
| 035 ## - SYSTEM CONTROL NUMBER | |
| System control number | (Sirsi) i9780689847875 |
| 040 ## - CATALOGING SOURCE | |
| Original cataloging agency | DLC |
| Transcribing agency | DLC |
| Modifying agency | TnLvILS |
| 042 ## - AUTHENTICATION CODE | |
| Authentication code | pcc |
| -- | lcac |
| 043 ## - GEOGRAPHIC AREA CODE | |
| Geographic area code | n-us--- |
| 050 00 - LIBRARY OF CONGRESS CALL NUMBER | |
| Classification number | GT4975 |
| Item number | .A53 2002 |
| 082 00 - DEWEY DECIMAL CLASSIFICATION NUMBER | |
| Classification number | 394.2649/09 |
| Edition number | 21 |
| 092 ## - LOCALLY ASSIGNED DEWEY CALL NUMBER (OCLC) | |
| Classification number | 394.2649 AND |
| 100 1# - MAIN ENTRY--PERSONAL NAME | |
| Personal name | Anderson, Laurie Halse. |
| 9 (RLIN) | 42111 |
| 245 10 - TITLE STATEMENT | |
| Title | Thank you, Sarah : |
| Remainder of title | the woman who saved Thanksgiving / |
| Statement of responsibility, etc | Laurie Halse Anderson ; [illustrated by] Matt Faulkner. |
| 250 ## - EDITION STATEMENT | |
| Edition statement | 1st ed. |
| 260 ## - PUBLICATION, DISTRIBUTION, ETC. (IMPRINT) | |
| Place of publication, distribution, etc | New York : |
| Name of publisher, distributor, etc | Simon & Schuster Books for Young Readers, |
| Date of publication, distribution, etc | c2002. |
| 300 ## - PHYSICAL DESCRIPTION | |
| Extent | 1 v. (unpaged) : |
| Other physical details | col. ill. ; |
| Dimensions | 23 x 29 cm. |
| 520 ## - SUMMARY, ETC. | |
| Summary, etc | Relates how Sarah Hale, a magazine editor and author, persuaded President Lincoln to transform Thanksgiving Day into a national holiday. |
| 600 10 - SUBJECT ADDED ENTRY--PERSONAL NAME | |
| Personal name | Hale, Sarah Josepha Buell, |
| Dates associated with a name | 1788-1879. |
| 9 (RLIN) | 2294 |
| 700 1# - ADDED ENTRY--PERSONAL NAME | |
| Personal name | Faulkner, Matt, |
| 9 (RLIN) | 25281 |
| 942 ## - ADDED ENTRY ELEMENTS (KOHA) | |
| Koha item type | BOOK |
| 979 ## - | |
| -- | 432856 |
| 998 ## - LOCAL CONTROL INFORMATION (RLIN) | |
| -- | a69173 |
| Withdrawn status | Lost status | Source of classification or shelving scheme | Damaged status | Not for loan | Collection code | Home library | Current library | Shelving location | Date acquired | Cost, normal purchase price | Total Checkouts | Total Renewals | Full call number | Barcode | Date last seen | Date checked out | Cost, replacement price | Price effective from | Koha item type | Source of acquisition |
|---|---|---|---|---|---|---|---|---|---|---|---|---|---|---|---|---|---|---|---|---|
| Dewey Decimal Classification | Children Holiday Books | Wasatch County Library | Wasatch County Library | Main Floor Childrens Area | 11/06/2002 | 16.95 | 29 | 6 | E Thanksgiving Anderson | 34301000372989 | 12/08/2025 | 11/20/2025 | 16.95 | 03/20/2020 | BOOK | |||||
| Dewey Decimal Classification | Children Holiday Books | Wasatch County Library | Wasatch County Library | Main Floor Childrens Area | 08/23/2006 | 49 | 8 | E Thanksgiving Anderson | 34301000526907 | 12/01/2025 | 12/01/2025 | 18.96 | 03/20/2020 | BOOK | Penworthy |
